Aprender diferente: cómo tener un salón de clase integrado donde todos participan y aprenden

Guardat en:
Dades bibliogràfiques
Autor principal: Escobedo, Luz María (Autor)
Format: Llibre
Idioma:espanyol
Publicat: Córdoba Pax México 2016
Córdoba Brujas 2016
Edició:1a. ed
Matèries:
Etiquetes: Afegir etiqueta
Sense etiquetes, Sigues el primer a etiquetar aquest registre!

MARC

LEADER 00000cam a2200000 a 4500
001 UCD3377
003 CL-VaPUC
008 160603e20160400ag |||||||||||||||||spa|d
020 |a 9789875913578 
082 0 4 |a 371.9  |b ESC  |2 21 
100 0 |a Escobedo, Luz María  |e author  |9 586821 
245 1 0 |a Aprender diferente: cómo tener un salón de clase integrado donde todos participan y aprenden 
250 |a 1a. ed 
300 |a 121 p 
942 |c BK 
945 |d 20160603 11:43:00  |a arojas 
260 |a Córdoba  |b Pax México  |c 2016 
260 |a Córdoba  |b Brujas  |c 2016 
500 |a Incluye cd 
650 0 |a Educación especial  |9 307486 
650 0 |a Educación básica   |9 224933 
650 7 |a EDUCACION DIFERENCIAL  |2 CL-VaPUC  |9 338931 
583 |a last modification  |c 20160603 11:43:00  |k Rodrigo Vera 
999 |c 364413  |d 364411 
952 |0 0  |1 0  |3 erb  |4 0  |6 371_900000000000000_ESC_2016_2016  |7 0  |8 A  |9 477583  |a BIBEDU  |b BIBEDU  |c ES_NOD  |i 5288762  |l 2  |o 371.9 ESC 2016 2016  |p 5288762  |r 2023-08-09  |s 2022-08-18  |w 2019-11-24  |y BK  |z Catalogado en:20160603  |k EDI 
952 |0 0  |1 0  |3 erb  |4 0  |6 371_900000000000000_ESC_2016_2016  |7 0  |8 A  |9 477584  |a BIBEDU  |b BIBEDU  |c ES_NOD  |i 5335558  |l 2  |o 371.9 ESC 2016 2016  |p 5335558  |r 2023-08-09  |s 2022-04-08  |w 2019-11-24  |y BK  |z Catalogado en:20160807  |k EDI